000 01131nam a2200277 i 4500
001 110838
003 ES-MaACL
005 20260127062538.0
007 t|
008 070131s1923 sp |||| | spa d
100 1 _aDíaz de Mendoza y Aguado, Carmen,
_cCondesa de San Luis
_944242
245 1 0 _aPolítica feminista /
_cconferencia dada por la Condesa de San Luis.
260 _aMadrid :
_bReus,
_c1923.
300 _a48 p. ;
_c18 cm.
490 1 _aPublicaciones de la Real Academia de Jurisprudencia y Legislación ;
_v64
530 _aDisponible en formato digital.
594 _aSesión del día 22 de enero de 1923.
650 0 7 _aMujeres en la política
_2embne
_9146203
651 0 _aEspaña-
_xPolítica y gobierno-
_y1902-1931
_9226938
700 _aReal Academia de Jurisprudencia y Legislación de España
_9217612
830 0 _aPublicaciones de la Real Academia de Jurisprudencia y Legislación ;
_v64
_9180630
852 _aES-MaACL
_jL-5229
_cDEPO2
856 4 _uhttp://bdh-rd.bne.es/viewer.vm?id=0000203126&page=1
_y( Biblioteca Digital Hispánica )
942 _2udc
999 _c110838
_d110838